000 00987cam a2200265 i 4500
001 3026
003 Mx-PuUPA
005 20250624091750.0
008 140415s1983 mx a gr 000 0 spa d
040 _aMx-PuUPA
_bspa
_cMx-PuUPA
_dMx-PuUPA
_erda
041 1 _aspa
_hfre
100 1 _aBarbet, Pierre,
_d1884-1961
_917233
_eautor
245 1 3 _aLa pasión de Nuestro Señor Jesucristo :
_bvista por un cirujano /
_cDr. Pierre Barbet ; traducción del francés, Dr. Manuel Ortega Cardona
264 1 _aMéxico, D.F. :
_bEdiciones Promesa,
_c1983
300 _a216 páginas :
_bilustraciones ;
_c21 cm
336 _2rdacontent
_atexto
_btxt
337 _2rdamedia
_asin medio
_bn
338 _2rdacarrier
_avolumen
_bnc
650 7 _2armarc
_aPasión de Jesús
_xCrítica e interpretación
650 7 _2armarc
_aSanto sudario
_xHistoria
700 1 _aOrtega Cardona, Manuel,
_etraductor
942 _2ddc
_cLI
_h232.96015
_iB22
999 _c3026
_d3026